000 00693nam a22002651 4500
001 0979475
003 DO-SdBNP
005 20180201140345.0
007 0979475
008 920725s1975 sp spa
016 7 _a
_z
_2BPMSU
017 _a
_b
020 _a8473800427
035 _a
040 _aBPMSU
_bspa
_cBPMSU
080 0 _a
100 1 _aHarvey, Jacques
245 1 0 _aMi amigo Onassis /
_cJacques Harvey ; editor José Mayá
_h
260 _aMadrid :
_bSedmay,
_c1975
300 _a248 p., 2 h., :
_b il. ;
_c21 cm
700 1 2 _a Mayá, José,
_eed.
942 _2ddc
_cBK
945 _aInventariado, 2018 /LP
956 _aVMATEO
_b10
_c20160608
_dBPMSU
_f0069
999 _c10305
_d10305